| 000 | 00443nam a2200145Ia 4500 | ||
|---|---|---|---|
| 008 | 191023s9999 xx 000 0 und d | ||
| 020 | _a9781337100731 | ||
| 100 | _aSigelman, Carol K. | ||
| 245 |
_cCarol K. Sigelman, Elizabeth A. Rider.-- _aLife-span human development / |
||
| 250 | _a9th ed | ||
| 260 |
_aUSA : _bCengage Learning _c2018 |
||
| 300 | _axxv, 712 pages. | ||
| 650 | _aDevelopmental biology | ||
| 650 | _aDevelopmental psychology | ||
| 999 |
_c362319 _d362319 |
||